000 00431nam a2200133 a 4500
008 120416s1955 ||||||||||||||||| || u
050 _aPS 3345.V81
100 _aWister, Owen
245 1 4 _aThe Virginian
260 _aNew York
_bMacmillan
_c1955
300 _axiv, 434p. : ill.
350 _a0.00
995 _D0.00
_FCBU-MAIN LIBRARY (Kitwe)
_H1
_I0.00
_M1
_UAVAILABLE
_ZFiction Collection
999 _c61327
_d61327